| 000 | 00737nam a2200253 a 4500 | ||
|---|---|---|---|
| 001 | 000032324 | ||
| 003 | DO-SdBNP | ||
| 005 | 20180220121215.0 | ||
| 007 | 000032324 | ||
| 008 | 110714s1925 es 000 f spa d | ||
| 040 |
_aBPMSU _bspa _cBPMSU |
||
| 092 |
_aRD863.42 _bM516s |
||
| 100 | 1 |
_aMejía de Fernández, Abigaíl, _d1895-1941 |
|
| 245 | 1 | 0 |
_aSueña pilarín : _bnovela / _cAbigail Mejía. |
| 260 |
_aSanto Domingo : _bInstituto del Libro _c[1992] |
||
| 300 |
_a248 p. ; _c23 cm. |
||
| 650 | 4 | _aNOVELA DOMINICANA | |
| 650 | 4 | _aLITERATURA DOMINICANA | |
| 910 | _aValidado. Control de calidad EMS. | ||
| 942 |
_2ddc _cBK |
||
| 945 | _aInventariado / 2018 VM | ||
| 956 |
_l _h |
||
| 956 |
_aVMATEO _b10 _c20150505 _lBMSU _h00151 |
||
| 999 |
_c7785 _d7785 |
||